Statistics for Top 10 Aston Villa scorers

Click here to take the quiz!

General Stats

  • This quiz has been taken 12 times
  • The average score is 2 of 10

Answer Stats

HintAnswer% Correct
167Waring
60%
144Dixon
40%
185Bache
10%
187Devey
10%
242Hampton
10%
120McParland
10%
244Walker
10%
100Astley
0%
112Garraty
0%
170Houghton
0%

Score Distribution

Percentile by Number Answered

Percent of People with Each Score

Your Score History

You have not taken this quiz